000 00497nam a2200181Ia 4500
003 GCL
008 140319s9999 xx 000 0 ara d
040 _aGCL /
_cGCL
082 0 4 _a641.8
_bس ف
100 1 _aسوفنير بوك هاوس
245 1 0 _aفن الطهى فى المطبخ الاسيوى /
_cسوفنير بوك هاوس
300 _a151 ص
490 _a100 قصة
_v0
650 0 4 _aالطبخ
650 0 4 _aالطهى الاسيوى
650 0 4 _aالطهى
942 _2ddc
_cBK
999 _c44027
_d44027